MODERN HINDU LAW (Record no. 10665)

MARC details
000 -LEADER
fixed length control field 00288nam a22001337a 4500
003 - CONTROL NUMBER IDENTIFIER
control field SGT
082 ## - DEWEY DECIMAL CLASSIFICATION NUMBER
Classification number 340,DIW
100 ## - MAIN ENTRY--PERSONAL NAME
Personal name DIWAN,PARAS
245 ## - TITLE STATEMENT
Title MODERN HINDU LAW
260 ## - PUBLICATION, DISTRIBUTION, ETC. (IMPRINT)
Place of publication, distribution, etc ALLAHABAD
Name of publisher, distributor, etc ALLAHABAD LAW AGENCY
Year of Publication 1999
300 ## - PAGE DESCRIPTION
No. of Pages 509
650 ## - SUBJECT ADDED ENTRY--TOPICAL TERM
Topical term or geographic name as entry element MODERN HINDU LAW
942 ## - ADDED ENTRY ELEMENTS (KOHA)
Source of classification or shelving scheme Dewey Decimal Classification
Koha item type Books

No items available.